[Event "Bialystok Spring op-B"]
[Site "Bialystok"]
[Date "2010.05.03"]
[Round "5"]
[White "Kostyra, Stanislaw"]
[Black "Lapinski, Krzysztof"]
[Result "1-0"]
[WhiteElo "2308"]
[BlackElo "2240"]
[PlyCount "175"]
[EventDate "2010.05.01"]
[EventType "swiss"]
[EventRounds "9"]
[EventCountry "POL"]
[SourceTitle "EXT 2012"]
[Source "ChessBase"]
[SourceDate "2011.11.24"]
[SourceVersion "1"]
[SourceVersionDate "2011.11.24"]
[SourceQuality "1"]

1. d4 d5 2. c4 e6 3. Nf3 c6 4. g3 f5 5. Bg2 Bd6 6. b3 Nf6 7. 0-0 Qe7 8. Ne5 0-0 9. Nd2 Bd7 10. Ndf3 Be8 11. Nd3 Bh5 12. Nfe5 Nbd7 13. Bf4 Rad8 14. Qc2 Ng4 15. Nxg4 Bxg4 16. Bxd6 Qxd6 17. e3 Bh5 18. Rac1 Kh8 19. Rfe1 Nf6 20. cxd5 exd5 21. Nc5 Qe7 22. f3 Bg6 23. Qc3 Rfe8 24. Nd3 Nd7 25. Qb4 Qxb4 26. Nxb4 Re7 27. Kf2 Rde8 28. Nd3 Bf7 29. h4 h6 30. Bh3 g6 31. h5 Kg7 32. hxg6 Bxg6 33. Nf4 Kf6 34. Bf1 Bh7 35. Bd3 Nf8 36. Ng2 Ne6 37. Rh1 Kg7 38. f4 Nf8 39. Rce1 Nd7 40. Nh4 Rf8 41. Kf3 Re6 42. Rh2 Nb6 43. Rg2 Kh8 44. Kf2 Nd7 45. Rgg1 Nf6 46. Kf3 Nd7 47. Re2 Rf7 48. Rc2 Rfe7 49. Re1 Rf7 50. Rc3 Bg6 51. Kf2 Bh7 52. Bb1 Kg7 53. Rec1 Kf8 54. b4 a6 55. a3 Ke7 56. Bd3 Kd6 57. Ra1 Kc7 58. a4 Kb6 59. Rb3 Rf8 60. Rc1 Ree8 61. Rbc3 Rf7 62. b5 axb5 63. axb5 Rc8 64. Nf3 c5 65. dxc5+ Rxc5 66. Nd4 Rxc3 67. Rxc3 Nc5 68. Ra3 Rf8 69. Bc2 Ne4+ 70. Kg2 Rc8 71. Ra1 Rf8 72. Rh1 Rf6 73. Bb3 Bg8 74. Rh5 Nd6 75. Bc2 Bf7 76. Rh1 Be8 77. Bd3 Ne4 78. Ra1 Bd7 79. Ra8 Nd6 80. Rd8 Kc7 81. Rg8 Kb6 82. Rg7 Bxb5 83. Bxb5 Nxb5 84. Nxb5 Kxb5 85. Rxb7+ Kc6 86. Ra7 Kc5 87. Ra1 Rb6 88. Kf3 1-0

[Event "Bialystok Spring op-B"]
[Site "Bialystok"]
[Date "2010.05.01"]
[Round "1"]
[White "Smolarczyk, Tomasz"]
[Black "Lapinski, Krzysztof"]
[Result "0-1"]
[WhiteElo "1621"]
[BlackElo "2240"]
[PlyCount "50"]
[EventDate "2010.05.01"]
[EventType "swiss"]
[EventRounds "9"]
[EventCountry "POL"]
[SourceTitle "EXT 2012"]
[Source "ChessBase"]
[SourceDate "2011.11.24"]
[SourceVersion "1"]
[SourceVersionDate "2011.11.24"]
[SourceQuality "1"]

1. e4 c5 2. Nf3 Nc6 3. Bb5 d6 4. Bxc6+ bxc6 5. d3 Bg4 6. h3 Bh5 7. 0-0 e6 8. Nbd2 Be7 9. Nc4 d5 10. Ne3 Nf6 11. c3 0-0 12. g4 Bg6 13. Ne5 Qc7 14. f4 dxe4 15. dxe4 Bxe4 16. Qa4 Bd5 17. g5 Nh5 18. N3g4 f6 19. g6 fxe5 20. gxh7+ Kxh7 21. Nxe5 c4 22. Kh2 Bd6 23. Qc2+ Rf5 24. Qe2 Bxe5 25. fxe5 Rxe5 0-1

[Event "Bialystok qual"]
[Site "Bialystok"]
[Date "2009.11.07"]
[Round "4"]
[White "Lapinski, Krzysztof"]
[Black "Jablonski, Zenon"]
[Result "1-0"]
[WhiteElo "2240"]
[BlackElo "2092"]
[PlyCount "77"]
[EventDate "2009.11.07"]
[EventType "swiss"]
[EventRounds "9"]
[EventCountry "POL"]
[SourceTitle "EXT 2012"]
[Source "ChessBase"]
[SourceDate "2011.11.24"]
[SourceVersion "1"]
[SourceVersionDate "2011.11.24"]
[SourceQuality "1"]

1. e4 e5 2. Nf3 Nc6 3. Bb5 a6 4. Ba4 Nf6 5. 0-0 Be7 6. Re1 b5 7. Bb3 d6 8. c3 0-0 9. h3 Nb8 10. d4 Nbd7 11. Nbd2 Bb7 12. Bc2 Re8 13. Nf1 Bf8 14. Ng3 g6 15. a4 c5 16. d5 c4 17. Bg5 h6 18. Be3 Kh7 19. Qd2 Qc7 20. Nh2 Nc5 21. Ng4 Nxg4 22. hxg4 bxa4 23. f3 Nb3 24. Bxb3 axb3 25. Kf2 f6 26. Bxh6 Kg8 27. Rh1 Re7 28. g5 Rf7 29. gxf6 Rxf6 30. Bxf8 Raxf8 31. Qg5 Qg7 32. Rh6 Bc8 33. Rah1 Bd7 34. Nf1 a5 35. Ne3 a4 36. Ke1 a3 37. bxa3 Bc8 38. Kd2 Bd7 39. Nxc4 1-0

[Event "Bialystok qual"]
[Site "Bialystok"]
[Date "2009.11.07"]
[Round "5"]
[White "Nasuta, Grzegorz"]
[Black "Lapinski, Krzysztof"]
[Result "1/2-1/2"]
[WhiteElo "2015"]
[BlackElo "2240"]
[PlyCount "59"]
[EventDate "2009.11.07"]
[EventType "swiss"]
[EventRounds "9"]
[EventCountry "POL"]
[SourceTitle "EXT 2012"]
[Source "ChessBase"]
[SourceDate "2011.11.24"]
[SourceVersion "1"]
[SourceVersionDate "2011.11.24"]
[SourceQuality "1"]

1. e4 c5 2. Nf3 Nc6 3. d4 cxd4 4. Nxd4 Nf6 5. Nc3 e5 6. Ndb5 d6 7. Bg5 a6 8. Na3 b5 9. Bxf6 gxf6 10. Nd5 Bg7 11. Bd3 Ne7 12. Nxe7 Qxe7 13. 0-0 0-0 14. c4 f5 15. Qh5 Qb7 16. Rae1 d5 17. exf5 e4 18. Bb1 bxc4 19. Nxc4 Rb8 20. Ne3 f6 21. Rd1 Qxb2 22. Nxd5 Qe5 23. Ne3 Rb5 24. a4 Rc5 25. Rfe1 Kh8 26. Qh4 Bxf5 27. Nxf5 Qxf5 28. Bxe4 Qh5 29. Qg3 Re5 30. Qf3 1/2-1/2

[Event "Bilaystok Spring op"]
[Site "Bialystok"]
[Date "2009.05.09"]
[Round "8"]
[White "Lapinski, Krzysztof"]
[Black "Buzun, Michal"]
[Result "1-0"]
[WhiteElo "2253"]
[BlackElo "1888"]
[PlyCount "49"]
[EventDate "2009.05.01"]
[EventType "swiss"]
[EventRounds "9"]
[EventCountry "POL"]
[SourceTitle "EXT 2010"]
[Source "ChessBase"]
[SourceDate "2010.11.25"]
[SourceVersion "1"]
[SourceVersionDate "2010.11.25"]
[SourceQuality "1"]

1. e4 c5 2. Nf3 d6 3. d4 cxd4 4. Nxd4 Nf6 5. Nc3 g6 6. Be3 Bg7 7. f3 0-0 8. Qd2 Nc6 9. Bc4 Bd7 10. 0-0-0 Rb8 11. Bb3 Na5 12. h4 b5 13. h5 b4 14. Nd5 Nxb3+ 15. Nxb3 a5 16. Bh6 a4 17. Bxg7 axb3 18. Bxf6 exf6 19. Qh6 Bh3 20. Rxh3 Rb7 21. axb3 Ra7 22. Qe3 Ra1+ 23. Kd2 Rxd1+ 24. Kxd1 Qa5 25. Qd4 1-0

[Event "Kolobrzeg op"]
[Site "Kolobrzeg"]
[Date "2008.08.26"]
[Round "9"]
[White "Dobrowolski, Piotr"]
[Black "Lapinski, Krzysztof"]
[Result "1/2-1/2"]
[WhiteElo "2426"]
[BlackElo "2219"]
[PlyCount "34"]
[EventDate "2008.08.18"]
[EventType "swiss"]
[EventRounds "9"]
[EventCountry "POL"]
[SourceTitle "CBM 126 Extra"]
[Source "ChessBase"]
[SourceDate "2008.11.05"]
[SourceVersion "1"]
[SourceVersionDate "2008.11.05"]
[SourceQuality "1"]

1. d4 d5 2. c4 e6 3. Nc3 c6 4. Nf3 f5 5. Bf4 Nf6 6. e3 Bd6 7. Bd3 0-0 8. 0-0 Ne4 9. Bxe4 fxe4 10. Ne5 b6 11. f3 Ba6 12. fxe4 Bxe5 13. Bxe5 Rxf1+ 14. Qxf1 Bxc4 15. Qf4 Nd7 16. Bd6 Qf6 17. Qg3 c5 1/2-1/2

[Event "Kolobrzeg op"]
[Site "Kolobrzeg"]
[Date "2008.08.25"]
[Round "8"]
[White "Grabarczyk, Bogdan"]
[Black "Lapinski, Krzysztof"]
[Result "0-1"]
[WhiteElo "2449"]
[BlackElo "2219"]
[PlyCount "78"]
[EventDate "2008.08.18"]
[EventType "swiss"]
[EventRounds "9"]
[EventCountry "POL"]
[SourceTitle "CBM 126 Extra"]
[Source "ChessBase"]
[SourceDate "2008.11.05"]
[SourceVersion "1"]
[SourceVersionDate "2008.11.05"]
[SourceQuality "1"]

1. e4 c5 2. Nf3 Nc6 3. d4 cxd4 4. Nxd4 Nf6 5. Nc3 e5 6. Ndb5 d6 7. Bg5 a6 8. Na3 b5 9. Nd5 Be7 10. Bxf6 Bxf6 11. c3 Bg5 12. Nc2 Ne7 13. Ncb4 0-0 14. Be2 a5 15. Nxe7+ Qxe7 16. Nd5 Qb7 17. Qd3 Rb8 18. Qg3 Bh6 19. Rd1 Be6 20. Qh4 b4 21. c4 b3 22. a3 Kh8 23. 0-0 Rbc8 24. Nc3 Bxc4 25. Rxd6 Bxe2 26. Nxe2 f6 27. Qg4 Rcd8 28. Rxd8 Rxd8 29. Nc3 Bd2 30. Nd5 Qc6 31. h4 Qc2 32. Qe2 Bh6 33. Qh5 Qxb2 34. Nxf6 Qxa3 35. Ng4 Bf4 36. Nxe5 Bxe5 37. Qxe5 Qb4 38. Qc7 Rg8 39. e5 a4 0-1

[Event "Kolobrzeg op"]
[Site "Kolobrzeg"]
[Date "2008.08.22"]
[Round "5"]
[White "Lapinski, Krzysztof"]
[Black "Grabarczyk, Miroslaw"]
[Result "0-1"]
[WhiteElo "2219"]
[BlackElo "2510"]
[PlyCount "50"]
[EventDate "2008.08.18"]
[EventType "swiss"]
[EventRounds "9"]
[EventCountry "POL"]
[SourceTitle "CBM 126 Extra"]
[Source "ChessBase"]
[SourceDate "2008.11.05"]
[SourceVersion "1"]
[SourceVersionDate "2008.11.05"]
[SourceQuality "1"]

1. e4 e5 2. Nf3 Nc6 3. Bb5 a6 4. Ba4 Nf6 5. 0-0 Be7 6. Re1 b5 7. Bb3 d6 8. c3 0-0 9. h3 Na5 10. Bc2 c5 11. d4 Qc7 12. Nbd2 cxd4 13. cxd4 Nc6 14. Nb3 a5 15. Be3 a4 16. Nbd2 Bd7 17. a3 Rfc8 18. Bd3 Qb7 19. d5 Na5 20. b4 axb3 21. Nxb3 Nc4 22. Bc1 Bd8 23. Re2 b4 24. axb4 Rxa1 25. Nxa1 Qxb4 0-1

[Event "Kochan Memorial op 19th"]
[Site "Koszalin"]
[Date "2008.08.05"]
[Round "2"]
[White "Hnydiuk, Aleksander"]
[Black "Lapinski, Krzysztof"]
[Result "1/2-1/2"]
[WhiteElo "2387"]
[BlackElo "2219"]
[PlyCount "41"]
[EventDate "2008.08.04"]
[EventType "swiss"]
[EventRounds "9"]
[EventCountry "POL"]
[SourceTitle "CBM 125 Extra"]
[Source "ChessBase"]
[SourceDate "2008.09.01"]
[SourceVersion "1"]
[SourceVersionDate "2008.09.01"]
[SourceQuality "1"]

1. e4 c5 2. Nf3 Nc6 3. Bb5 d6 4. Bxc6+ bxc6 5. 0-0 Bg4 6. h3 Bh5 7. d3 e5 8. Nbd2 Be7 9. c3 Nf6 10. Qa4 Qc7 11. Re1 Nd7 12. d4 exd4 13. cxd4 0-0 14. Qc2 Rfe8 15. b3 Bg6 16. dxc5 Nxc5 17. Bb2 d5 18. Qc3 Bf6 19. Qxc5 Bxb2 20. exd5 Bxa1 21. Rxa1 1/2-1/2

[Event "Bialystok Zamenhof Memorial-A"]
[Site "Bialystok"]
[Date "2007.12.30"]
[Round "7.2"]
[White "Lapinski, Krzysztof"]
[Black "Khamitskiy, Sergei"]
[Result "1-0"]
[WhiteElo "2172"]
[BlackElo "2402"]
[PlyCount "111"]
[EventDate "2007.12.27"]
[EventType "swiss"]
[EventRounds "9"]
[EventCountry "POL"]
[SourceTitle "EXT 2023"]
[Source "ChessBase"]
[SourceDate "2022.10.05"]
[SourceVersion "1"]
[SourceVersionDate "2022.10.05"]
[SourceQuality "1"]

1. e4 e6 2. d4 d5 3. Nc3 Bb4 4. e5 c5 5. a3 Bxc3+ 6. bxc3 Qc7 7. Nf3 Ne7 8. h4 h6 9. h5 b6 10. Bb5+ Bd7 11. Bd3 Ba4 12. 0-0 Nd7 13. Re1 Qc6 14. Rb1 a6 15. Nd2 c4 16. Bf1 0-0-0 17. Rb2 Rdg8 18. Qg4 Qc7 19. Nf3 Nf5 20. Nh4 g6 21. hxg6 fxg6 22. Be2 Qd8 23. Nxf5 gxf5 24. Qh5 Qe7 25. Ra2 Nf8 26. Kh2 Nh7 27. Bf4 Ng5 28. Kg1 Be8 29. Qh2 Ne4 30. Qh3 Qg7 31. Rb2 b5 32. Bf1 Qe7 33. Ra2 Rg4 34. Qe3 Nxc3 35. Qxc3 Rxf4 36. Qa5 Kb7 37. a4 Qc7 38. Qd2 Rh4 39. axb5 Bxb5 40. Be2 Rg8 41. Bf3 Rh3 42. g3 Qe7 43. c3 Qg5 44. Rb1 f4 45. Bg2 Rh5 46. Rxb5+ axb5 47. Qb2 Kb6 48. Qb4 Rc8 49. Qa5+ Kc6 50. Qa6+ Kd7 51. Qxb5+ Ke7 52. Ra7+ Kf8 53. Qd7 Qg6 54. Qxc8+ Qe8 55. Qc5+ Kg8 56. Qc7 1-0

[Event "Bialystok Zamenhof Memorial-A"]
[Site "Bialystok"]
[Date "2007.12.30"]
[Round "8.3"]
[White "Puksza, Andrzej"]
[Black "Lapinski, Krzysztof"]
[Result "0-1"]
[WhiteElo "1937"]
[BlackElo "2172"]
[PlyCount "84"]
[EventDate "2007.12.27"]
[EventType "swiss"]
[EventRounds "9"]
[EventCountry "POL"]
[SourceTitle "EXT 2023"]
[Source "ChessBase"]
[SourceDate "2022.10.05"]
[SourceVersion "1"]
[SourceVersionDate "2022.10.05"]
[SourceQuality "1"]

1. e4 c5 2. c3 d5 3. exd5 Qxd5 4. d4 Nf6 5. Nf3 Bg4 6. Be2 e6 7. 0-0 Nc6 8. Be3 cxd4 9. cxd4 Be7 10. Nc3 Qd6 11. Qb3 0-0 12. Rfd1 Nb4 13. a3 Nbd5 14. Rac1 Rfd8 15. h3 Bh5 16. g4 Nxe3 17. Nb5 Qb6 18. Qxe3 Bg6 19. Ne5 Nd5 20. Qd2 Bf6 21. g5 Be7 22. h4 Bf5 23. h5 f6 24. gxf6 gxf6 25. Nf3 Kh8 26. Nh4 Rg8+ 27. Kh1 Rg5 28. Rg1 Rd8 29. f4 Be4+ 30. Kh2 Bd6 31. Nxd6 Qxd6 32. Rcf1 Rxg1 33. Kxg1 Rg8+ 34. Kh2 f5 35. Kh3 Qc7 36. Bd1 Qg7 37. Qf2 Bd3 38. Re1 Qc7 39. Re5 Qc1 40. Rxd5 Qxd1 41. Rd7 Qh1+ 42. Qh2 Bf1+ 0-1

[Event "Bialystok Zamenhof Memorial-A"]
[Site "Bialystok"]
[Date "2007.12.28"]
[Round "3.2"]
[White "Aliavdin, Nikolai"]
[Black "Lapinski, Krzysztof"]
[Result "1-0"]
[WhiteElo "2400"]
[BlackElo "2172"]
[PlyCount "87"]
[EventDate "2007.12.27"]
[EventType "swiss"]
[EventRounds "9"]
[EventCountry "POL"]
[SourceTitle "EXT 2023"]
[Source "ChessBase"]
[SourceDate "2022.10.05"]
[SourceVersion "1"]
[SourceVersionDate "2022.10.05"]
[SourceQuality "1"]

1. e4 c5 2. Nf3 Nc6 3. d4 cxd4 4. Nxd4 Nf6 5. Nc3 e5 6. Ndb5 d6 7. Bg5 a6 8. Na3 b5 9. Nd5 Be7 10. Bxf6 Bxf6 11. c3 0-0 12. Nc2 Bg5 13. a4 bxa4 14. Rxa4 Bb7 15. Bc4 Na5 16. Ba2 Bc6 17. Ra3 Bb5 18. b3 Nb7 19. c4 Bd7 20. b4 a5 21. b5 Nc5 22. f3 Be6 23. 0-0 Qb8 24. Nce3 Kh8 25. Bb1 Bd8 26. f4 exf4 27. Nxf4 Bf6 28. Nfd5 Be5 29. Nf5 Qb7 30. Rh3 Bxf5 31. exf5 f6 32. Kh1 a4 33. Rff3 Qf7 34. Rh4 a3 35. Rfh3 h6 36. Ba2 Rfe8 37. b6 Bb2 38. Qd2 Kg8 39. Rg3 Re5 40. h3 Kh7 41. Rg6 Qf8 42. Nxf6+ Qxf6 43. Qxh6+ Kg8 44. Qh7+ 1-0

[Event "Bialystok Autumn op-A"]
[Site "Bialystok"]
[Date "2007.11.25"]
[Round "8.3"]
[White "Lapinski, Krzysztof"]
[Black "Niesteruk, Mikolaj"]
[Result "1-0"]
[WhiteElo "2172"]
[BlackElo "856"]
[PlyCount "55"]
[EventDate "2007.11.10"]
[EventType "swiss"]
[EventRounds "9"]
[EventCountry "POL"]
[SourceTitle "EXT 2023"]
[Source "ChessBase"]
[SourceDate "2022.10.05"]
[SourceVersion "1"]
[SourceVersionDate "2022.10.05"]
[SourceQuality "1"]

1. e4 g6 2. d4 Bg7 3. Nc3 d6 4. f4 c6 5. Nf3 Nh6 6. Bc4 Bg4 7. 0-0 Nd7 8. Ne2 f5 9. e5 d5 10. Bb3 e6 11. c3 0-0 12. Bc2 Re8 13. b3 Nf7 14. c4 Nf8 15. Ba3 g5 16. Bc1 Bh6 17. Qd3 Ng6 18. fxg5 Nxg5 19. Kh1 Nxf3 20. gxf3 Bh3 21. Bxh6 Bxf1 22. Rxf1 Qh4 23. Bd2 Kh8 24. Rg1 Rg8 25. Bg5 Qh3 26. Bf6+ Rg7 27. Nf4 Qh6 28. Nxe6 1-0

[Event "Bialystok Autumn op-A"]
[Site "Bialystok"]
[Date "2007.11.11"]
[Round "3.2"]
[White "Lapinski, Krzysztof"]
[Black "Puksza, Andrzej"]
[Result "1-0"]
[WhiteElo "2172"]
[BlackElo "1937"]
[PlyCount "45"]
[EventDate "2007.11.10"]
[EventType "swiss"]
[EventRounds "9"]
[EventCountry "POL"]
[SourceTitle "EXT 2023"]
[Source "ChessBase"]
[SourceDate "2022.10.05"]
[SourceVersion "1"]
[SourceVersionDate "2022.10.05"]
[SourceQuality "1"]

1. e4 e6 2. d4 d5 3. Nc3 Nf6 4. Bg5 Be7 5. e5 Nfd7 6. h4 c5 7. Bxe7 Kxe7 8. Qg4 Kf8 9. Nf3 Nc6 10. Qf4 a6 11. dxc5 Qc7 12. 0-0-0 Nxc5 13. Kb1 b5 14. g4 b4 15. Ne2 Ne4 16. Rh2 b3 17. cxb3 Nb4 18. Ned4 Rb8 19. Rc1 Nc5 20. a3 Ke8 21. axb4 Rxb4 22. Qd2 Qb6 23. Qc2 1-0

[Event "Kolobrzeg op"]
[Site "Kolobrzeg"]
[Date "2007.08.23"]
[Round "7"]
[White "Lapinski, Krzysztof"]
[Black "Krysztofiak, Marcin"]
[Result "0-1"]
[WhiteElo "2175"]
[BlackElo "2414"]
[PlyCount "52"]
[EventDate "2007.08.17"]
[EventType "swiss"]
[EventRounds "9"]
[EventCountry "POL"]
[SourceTitle "EXT 2009"]
[Source "ChessBase"]
[SourceDate "2008.11.26"]
[SourceVersion "1"]
[SourceVersionDate "2008.11.26"]
[SourceQuality "1"]

1. e4 c5 2. Ne2 Nc6 3. Nbc3 Nf6 4. d4 cxd4 5. Nxd4 Qb6 6. Be3 Qxb2 7. Ndb5 Qb4 8. Qd2 Qa5 9. Nd5 Qxd2+ 10. Kxd2 Kd8 11. Nb6 Rb8 12. Nxa7 Nxa7 13. Na4 b6 14. Bxb6+ Rxb6 15. Nxb6 Nxe4+ 16. Ke3 Bb7 17. Rb1 Nc3 18. Rb3 Nd5+ 19. Nxd5 Bxd5 20. Ra3 e6 21. Ra4 Bc5+ 22. Ke2 Ke7 23. Rg1 Rb8 24. g3 Nb5 25. Rg4 Nd4+ 26. Kd3 Nf3 0-1

[Event "Najdorf Memorial op-A"]
[Site "Grodzisk Mazowiecki"]
[Date "2007.07.28"]
[Round "9"]
[White "Lapinski, Krzysztof"]
[Black "Ostrowski, Pawel1111"]
[Result "0-1"]
[WhiteElo "2175"]
[BlackElo "2058"]
[PlyCount "70"]
[EventDate "2007.07.20"]
[EventType "swiss"]
[EventRounds "9"]
[EventCountry "POL"]
[SourceTitle "CBM 119 Extra"]
[Source "ChessBase"]
[SourceDate "2007.09.04"]
[SourceVersion "1"]
[SourceVersionDate "2007.09.04"]
[SourceQuality "1"]

1. e4 c6 2. d4 d5 3. exd5 cxd5 4. c4 Nf6 5. Nc3 g6 6. cxd5 Nxd5 7. Bc4 Nb6 8. Bb3 Bg7 9. Nf3 0-0 10. h3 Nc6 11. Be3 Na5 12. Bc2 Nac4 13. Bb3 Qd6 14. 0-0 Bf5 15. Qe2 Na5 16. Bc2 Bxc2 17. Qxc2 Rac8 18. Qe2 e6 19. Rac1 Nc6 20. Rfd1 Nd5 21. Nxd5 Qxd5 22. b3 Qa5 23. Rc5 Nxd4 24. Nxd4 Rxc5 25. Bd2 Qb6 26. Be3 Rd5 27. Nf5 Rxd1+ 28. Qxd1 Qd8 29. Qxd8 Rxd8 30. Nxg7 Kxg7 31. Bxa7 e5 32. a4 Rd1+ 33. Kh2 Rb1 34. Bb8 Kf6 35. a5 Rxb3 0-1

[Event "Najdorf Memorial op-A"]
[Site "Grodzisk Mazowiecki"]
[Date "2007.07.23"]
[Round "4"]
[White "Matuszewski, Michal"]
[Black "Lapinski, Krzysztof"]
[Result "1/2-1/2"]
[WhiteElo "2144"]
[BlackElo "2175"]
[PlyCount "148"]
[EventDate "2007.07.20"]
[EventType "swiss"]
[EventRounds "9"]
[EventCountry "POL"]
[SourceTitle "CBM 119 Extra"]
[Source "ChessBase"]
[SourceDate "2007.09.04"]
[SourceVersion "1"]
[SourceVersionDate "2007.09.04"]
[SourceQuality "1"]

1. d4 f5 2. e4 fxe4 3. Nc3 Nf6 4. Bg5 c6 5. Bxf6 exf6 6. Nxe4 d5 7. Ng3 Bd6 8. Bd3 0-0 9. c3 Re8+ 10. N1e2 Nd7 11. Nf5 Bc7 12. Qc2 Nf8 13. 0-0 Bxf5 14. Bxf5 g6 15. Bd3 Kg7 16. Qd2 Qd6 17. g3 Ne6 18. f4 f5 19. Kg2 Nf8 20. Ng1 Nd7 21. Nf3 Nf6 22. Ne5 Qe6 23. Rae1 Ne4 24. Qe3 Rac8 25. g4 Kh8 26. Qh3 c5 27. Re2 Rg8 28. Kh1 Rcf8 29. gxf5 gxf5 30. Rxe4 dxe4 31. Bc4 Qf6 32. Nd7 Qe7 33. Nxf8 Rxf8 34. Qe3 cxd4 35. cxd4 Qb4 36. Be6 Bb6 37. Qh3 Qxd4 38. Bxf5 Qg7 39. Bxe4 Rg8 40. Bg2 Qxb2 41. f5 Bd4 42. Bd5 Rd8 43. Bb3 Rf8 44. Qg2 Qxg2+ 45. Kxg2 b6 46. Rd1 Rd8 47. Kf3 a5 48. Ke4 Bf6 49. Bd5 Kg7 50. Rb1 Rd6 51. Rg1+ Kf8 52. Rg8+ Ke7 53. Rb8 h6 54. Rb7+ Kd8 55. Rh7 Bb2 56. h4 Ke8 57. h5 Kf8 58. Rf7+ Ke8 59. Rh7 Kf8 60. Rc7 Bf6 61. Rf7+ Ke8 62. Rh7 Kf8 63. Rxh6 Kg7 64. Rg6+ Kh7 65. Bg8+ Kh8 66. Be6 Bc3 67. h6 b5 68. Bd5 Rf6 69. Be6 Kh7 70. Bg8+ Kh8 71. Bd5 Kh7 72. Rg3 Ba1 73. Rg1 Bc3 74. Rc1 b4 1/2-1/2

[Event "Perla Baltyku op-A 3rd"]
[Site "Mielno"]
[Date "2007.06.22"]
[Round "6"]
[White "Fistek, Dariusz"]
[Black "Lapinski, Krzysztof"]
[Result "1/2-1/2"]
[WhiteElo "2164"]
[BlackElo "2175"]
[PlyCount "79"]
[EventDate "2007.06.18"]
[EventType "swiss"]
[EventRounds "9"]
[EventCountry "POL"]
[SourceTitle "CBM 119 Extra"]
[Source "ChessBase"]
[SourceDate "2007.09.04"]
[SourceVersion "1"]
[SourceVersionDate "2007.09.04"]
[SourceQuality "1"]

1. d4 d5 2. c4 e6 3. Nc3 c6 4. Nf3 Bd6 5. cxd5 exd5 6. Bg5 Be7 7. Bf4 Nf6 8. h3 h6 9. e3 Bf5 10. Bd3 Bxd3 11. Qxd3 Nbd7 12. 0-0 0-0 13. Rab1 Qa5 14. a3 Rfe8 15. Bh2 Ne4 16. Nxe4 dxe4 17. Qxe4 Bxa3 18. Qc2 Bb4 19. Qc4 Rac8 20. Rfd1 Bf8 21. Qb3 Qb4 22. Qc2 Bd6 23. Bxd6 Qxd6 24. Qa4 a6 25. Qb3 Rc7 26. Rbc1 Nf6 27. Re1 Qd5 28. Qxd5 Nxd5 29. Rc4 Rce7 30. Rec1 Kf8 31. Ne5 Kg8 32. Nd3 f6 33. Nc5 Rb8 34. g3 Nc7 35. Kg2 Nb5 36. Nd3 Rd8 37. Nf4 Kf7 38. Rc5 Red7 39. Ne2 Rd5 40. Nf4 1/2-1/2

[Event "Perla Baltyku op-A 3rd"]
[Site "Mielno"]
[Date "2007.06.20"]
[Round "4"]
[White "Kveinys, Aloyzas"]
[Black "Lapinski, Krzysztof"]
[Result "1-0"]
[WhiteElo "2546"]
[BlackElo "2175"]
[PlyCount "53"]
[EventDate "2007.06.18"]
[EventType "swiss"]
[EventRounds "9"]
[EventCountry "POL"]
[SourceTitle "CBM 119 Extra"]
[Source "ChessBase"]
[SourceDate "2007.09.04"]
[SourceVersion "1"]
[SourceVersionDate "2007.09.04"]
[SourceQuality "1"]

1. d4 d5 2. c4 e6 3. Nc3 f5 4. Nf3 Nf6 5. Bf4 c6 6. e3 Bd6 7. Bd3 0-0 8. Qc2 Ne4 9. 0-0 b6 10. Ne2 Bb7 11. Rac1 Qe7 12. cxd5 cxd5 13. Bxd6 Nxd6 14. Qa4 Nf7 15. Rc2 Rc8 16. Rfc1 Rxc2 17. Rxc2 a6 18. Nf4 b5 19. Qa3 Qd7 20. Nd2 e5 21. dxe5 Nxe5 22. Qc3 Nbc6 23. Nb3 Nxd3 24. Nxd3 Rc8 25. Ndc5 Qe7 26. Nxb7 Qxb7 27. Na5 1-0

[Event "Perla Baltyku op-A 3rd"]
[Site "Mielno"]
[Date "2007.06.19"]
[Round "2"]
[White "Natacheev, Peter"]
[Black "Lapinski, Krzysztof"]
[Result "0-1"]
[WhiteElo "2076"]
[BlackElo "2175"]
[PlyCount "112"]
[EventDate "2007.06.18"]
[EventType "swiss"]
[EventRounds "9"]
[EventCountry "POL"]
[SourceTitle "CBM 119 Extra"]
[Source "ChessBase"]
[SourceDate "2007.09.04"]
[SourceVersion "1"]
[SourceVersionDate "2007.09.04"]
[SourceQuality "1"]

1. e4 c5 2. c3 d5 3. exd5 Qxd5 4. d4 Nf6 5. Nf3 Bg4 6. dxc5 Qxc5 7. h3 Bh5 8. Be3 Qc7 9. Na3 a6 10. Qa4+ Nbd7 11. Bf4 Qc8 12. 0-0-0 b5 13. Qa5 e6 14. g4 Bg6 15. Ne5 Nxe5 16. Bxe5 Be4 17. Rg1 Bc5 18. Rd2 Nd5 19. Nc2 0-0 20. Bd4 Bd6 21. Bd3 Bxd3 22. Rxd3 Nf4 23. Rd2 Nxh3 24. Rh1 Ng5 25. Be3 Be7 26. f4 Ne4 27. Rdh2 h6 28. g5 Ng3 29. Rg1 Nf5 30. gxh6 g6 31. h7+ Kh8 32. Bd2 Qc5 33. Re1 Bf6 34. Ne3 Nd4 35. Rh3 Nc6 36. Qa3 Qxa3 37. bxa3 Rac8 38. Ng4 Bg7 39. Nh6 Na5 40. Kc2 Nc4 41. Bc1 Rc5 42. f5 exf5 43. Re7 Kxh7 44. Nxf5+ Kg8 45. Nxg7 Kxg7 46. Bh6+ Kg8 47. Bxf8 Kxf8 48. Ra7 a5 49. a4 bxa4 50. Rf3 Ne5 51. Rf4 Kg7 52. Rxa4 Nc4 53. Rd7 Nb6 54. Rad4 Nxd7 55. Rxd7 g5 56. Rd4 Kg6 0-1